000 00759nam a2200241 a 4500
999 _c942
_d942
008 191111r20092012ii ad||g |||| 00| 0 eng d
020 _a9780070077935
_cRs. 525.00
040 _aKO
_beng
041 0 _aeng
044 _aii
082 0 4 _223
_a658.404
_bC3617
100 1 _aChandra, Prasanna
245 1 0 _aProjects :
_bPlanning, Analysis, Selection, Financing, Implementation and Review /
_cPrasanna Chandra
250 _a7th ed.
260 _aNew Delhi :
_bTata McGraw Hill Education Private Limited,
_c2009, reprinted 2012
300 _axxi, various pagination. :
_bill. ;
_c24 cm
504 _aIncludes Index.
650 0 _aProject management
650 0 _aCapital investments
_xManagement
_vTextbooks
904 _aA_BOSE
942 _cBK